| 000 | 00000nam 2200000zi 4500 |
| 001 | 9.910535 |
| 003 | CaOODSP |
| 005 | 20250910142446 |
| 006 | m o d f |
| 007 | cr mn||||||||| |
| 008 | 220425e202201##oncd ob f000 0 fre d |
| 040 | |aCaOODSP|bfre|erda|cCaOODSP |
| 043 | |an-cn--- |
| 086 | 1 |aD2-613/2022F-PDF |
| 245 | 00|aGroupe consultatif de la ministre de la Défense nationale sur le racisme systémique et la discrimination notamment le racisme anti-autochtones et anti-noirs, les préjugés contre la communauté lgbtq2+, la discrimination entre les sexes et la suprématie blanche : |brapport final. |
| 264 | 1|a[Ottawa] : |b[Défense nationale], |cJanvier 2022. |
| 264 | 4|c©2022 |
| 300 | |a1 ressource en ligne (xii, 117 pages) : |bgraphiques en couleur |
| 336 | |atexte|btxt|2rdacontent/fre |
| 337 | |ainformatique|bc|2rdamedia/fre |
| 338 | |aressource en ligne|bcr|2rdacarrier/fre |
| 500 | |aPublié aussi en anglais sous le titre : Minister of National Defence advisory panel on systemic racism and discrimination with a focus on anti-Indigenous and anti-Black racism, LGBTQ2+ prejudice, gender bias, and white supremacy : final report. |
| 504 | |aComprend des références bibliographiques. |
| 610 | 16|aCanada. |bMinistère de la défense nationale|xÉvaluation. |
| 610 | 16|aCanada. |bForces armeĢes canadiennes|xÉvaluation. |
| 650 | 6|aAntiracisme|xPolitique gouvernementale|zCanada. |
| 650 | 6|aDiscrimination dans l'emploi|xPolitique gouvernementale|zCanada. |
| 710 | 1 |aCanada. |bMinistère de la défense nationale, |eorganisme de publication. |
| 775 | 08|tMinister of National Defence advisory panel on systemic racism and discrimination with a focus on anti-Indigenous and anti-Black racism, LGBTQ2+ prejudice, gender bias, and white supremacy : |w(CaOODSP)9.910529 |
| 856 | 40|qPDF|s1.94 Mo|uhttps://publications.gc.ca/collections/collection_2022/mdn-dnd/D2-613-2022-fra.pdf |